| 000 | 00708nam a2200217 a 4500 | ||
|---|---|---|---|
| 001 | 000018512 | ||
| 005 | 20200929165821.0 | ||
| 008 | 100511s1976 ve r 000 0 spa d | ||
| 040 |
_aDO-SdBNP _bspa _cBNPHU |
||
| 082 |
_a987 _bG643e |
||
| 100 | 1 |
_aGonzález, Eloy G. _940044 |
|
| 245 | 1 | 0 |
_aEnsenadas de la historia / _cEloy G. González. |
| 260 |
_aCaracas, Venezuela : _bEdiciones de la presidencia de la República(venezuela), _c1976. |
||
| 300 |
_a30 p. ; _c23 cm. |
||
| 490 | 1 |
_aSerie Historia, _v4 |
|
| 490 | 1 | _aClásicos venezolanos | |
| 650 | 4 |
_aEnsenadas _zVenezuela _940045 |
|
| 651 | 4 |
_aVenezuela _xHistoria _93660 |
|
| 830 | 0 |
_aSerie Historia, _v4 _910457 |
|
| 830 | 0 |
_aClásicos venezolanos _940046 |
|
| 999 |
_c18032 _d18032 |
||